| 000 | 01758aam a22004211a 4500 | ||
|---|---|---|---|
| 001 | 1910 | ||
| 003 | Uk | ||
| 005 | 20231010100955.0 | ||
| 020 |
_a9780141944098 _q(electronic bk.) |
||
| 020 |
_a0141944099 _q(electronic bk.) |
||
| 020 | _z9780141328188 | ||
| 020 | _z0141328185 | ||
| 040 |
_aTEFOD _beng _cTEFOD _dOCLCQ _dOCLCO _dTEFOD _dOCLCQ _dOCLCF _dOCLCO _dOCLCQ _dUk |
||
| 050 | 4 |
_aPZ7.S92356 _bWe 2010eb |
|
| 082 | 0 | 4 |
_a823.914 _223 |
| 100 | 1 |
_aStrong, Jeremy, _d1949- |
|
| 245 | 1 | 0 |
_aWe want to be on the telly! / _cJeremy Strong ; illustrated by Rowan Clifford. |
| 260 |
_aLondon : _bPuffin, _c2010. |
||
| 300 |
_a110 pages : _c18 cm |
||
| 490 | 0 | _aPocket money Puffins | |
| 490 | 1 | _aLaugh your socks off with Jeremy Strong | |
| 505 | _aK | ||
| 520 | _aThe hilariously funny story of Heathrow (affectionately named after London's airport) whose TOTALLY EMBARRASSING parents will do anything to be on TV, even if it involves rice pudding or a racing car or a rhinoceros! But in the end it's Heathrow's quick thinking that makes the news headlines! Laugh your socks off with this highly silly story specially for Pocket Money Puffins. | ||
| 521 |
_a510
_bLexile |
||
| 521 |
_aK
_bRaz-Plus |
||
| 650 | 0 |
_aTelevision programs _vJuvenile fiction. |
|
| 650 | 0 |
_aParent and child _vJuvenile fiction. |
|
| 650 | 7 |
_aParent and child. _2fast _0(OCoLC)fst01053308 |
|
| 650 | 7 |
_aTelevision programs. _2fast _0(OCoLC)fst01147026 |
|
| 655 | 0 | _aHumorous stories. | |
| 655 | 0 | _aChildren's stories. | |
| 655 | 4 | _aElectronic books. | |
| 655 | 7 |
_aFiction. _2fast _0(OCoLC)fst01423787 |
|
| 655 | 7 |
_aHumorous fiction. _2fast _0(OCoLC)fst01726649 |
|
| 655 | 7 |
_aJuvenile works. _2fast _0(OCoLC)fst01411637 |
|
| 700 | 1 | _aClifford, Rowan. | |
| 942 |
_2ddc _cBK _n0 |
||
| 999 |
_c1910 _d1910 |
||